| 000 | 00000nam##2200000za#4500 |
| 001 | 9.599665 |
| 003 | CaOODSP |
| 005 | 20240501092931 |
| 007 | cr ||||||||||| |
| 008 | 150406|2004||||xxc|||||o f|0| 0 fre|d |
| 040 | |aCaOODSP|bfre |
| 043 | |an-cn--- |
| 086 | 1 |aPS83-3/136F-PDF |
| 110 | 2 |aService correctionnel Canada. |
| 245 | 10|aExamen de la durée moyenne des peines d'emprisonnement imposées aux hommes au Canada, de 1994 à 2002 / |h[ressource électronique]|c[par] Roger Boe, Larry Motiuk et Mark Nafekh. |
| 260 | |bService correctionnel Canada |cMars 2004. |
| 300 | |a51p.|bgraphiques, références, tableaux |
| 490 | 1 |aRapport de recherche|vR-136 |
| 590 | |a10-14-Supp|b2010-12-03 |
| 720 | 1 |aMotiuk, Laurence L. |
| 720 | 1 |aNafekh, Mark |
| 720 | 1 |aBoe, Roger |
| 775 | 08|tAn examination of the average length of prison sentence for adult men in Canada : |w(CaOODSP)9.568377 |
| 830 | #0|aRapport de recherche (Service correctionnel Canada. Direction de la recherche)|vR-136|w(CaOODSP)9.502465 |
| 856 | 40|ahttp://publications.gc.ca|qPDF|s313 Ko|uhttps://publications.gc.ca/collections/collection_2010/scc-csc/PS83-3-136-fra.pdf|yR-136 |